01006nam a2200265 c 450000100060000000300080000600500170001400800410003103500190007204000360009104100080012708200260013510000460016124500550020726000280026230000260029050000190031665000310033565000310036674000410039794200120043899900170045095201390046795201340060650031BD-RjUL20211209075439.0160823s1957 enk 000 0 eng u a(BD-RjUL)50151 cBMCdBD-RjULdEQOaBD-RjULbeng aeng a370.956223bTRM 19571 aTritton, A. S.q(Arthur Stanley),914994210aMaterials on Muslim education in the Middle Ages : aLondon :bLuzac,c1957. axii, 209 p. ;c23 cm. aIncludes Index 0aEducation, Arabic.9149943 0aIslamic education.914994401aMuslim education in the Middle Ages. 2ddccBK c50031d50031 00102ddc40708NFICaRUCLbRUCLcStackd1964-03-24eZeitlingerg35.00l0o370.956 TRM 1957r2016-08-23 00:00:00tC-2w2016-08-23yBK 00102ddc40718NFICaRUCLbRUCLcReadingd1964-01-24eZeitlingerl0o370.956 TRM 1957r2017-01-15 00:00:00tC-1w2017-01-15yBK